000 00915nac a22002777a 4500
001 BR8800866
003 BR-BrBNA
005 20240105120710.0
008 230509b bl.|||m| |||| 00| 0 por d
040 _aBR-BrBNA
_bpor
_cBiblioteca Nacional de Agricultura
072 _aF30
090 _aF30 BR8800866
100 1 _aKanashiro, M.
100 1 _aYared, J.A.G.
100 1 _aMarques, L.C.T.
100 1 _aBrienza Junior, S.
110 1 _aCentro de Pesquisa Agropecuaria do Tropico Umido, Belem, PA (Brasil)
245 1 _aEnsaio comparativo de especies florestais
260 3 _aBelem, PA (Brasil):
_c1983.
300 _a2 p.
490 _aPesquisa em Andamento - Centro de Pesquisa Agropecuaria do Tropico Umido (Brazil)
_vno. 124
_xISSN 0101-5613
650 _aARVORE FLORESTAL
650 _aMELHORAMENTO GENETICO VEGETAL
909 _a202312
_bLúcia Elande
_c55
_dLúcia Elande
942 _2AGRIS
_n0
_cMS
999 _c280962
_d280962